00573nam a22002177a 450000500170000001000130001702000230003003500130005303700160006604000120008208200150009410000190010924500560012824600060018426000370019027000560022730000210028350000210030465000100032565000200033520170124110200.0 aB-217689 a8184050119c575.00 aB-217689 bCen Lib/Ret aDPLbEN a070.1bNAN aNandi, Charles aPrint media and photojournalism /cby Charles Nandi b  bReference Pressc2006aNew Delhi a4831/24, Ansari Road, Darya GanjbNew Delhie110002 a244p. c21cm(Hb) aIncludes index  aPress aPhotojournalism